Algunos temas sobre el lenguaje básico de la matemática
Saved in:
| Hovedforfatter: | |
|---|---|
| Format: | Bog |
| Sprog: | spansk |
| Udgivet: |
Valparaíso
Universidad Católica de Valparaíso
1996
|
| Fag: | |
| Tags: |
Tilføj Tag
Ingen Tags, Vær først til at tagge denne postø!
|
MARC
| LEADER | 00000nam a2200000 a 4500 | ||
|---|---|---|---|
| 001 | UCT4791 | ||
| 003 | CL-VaPUC | ||
| 008 | 961122e19960000CL |||||||||||||||||spa|d | ||
| 082 | 0 | 4 | |a 510 |b PRA |2 21 |
| 100 | |a Praus Petroff, Wadim |e autor |9 459964 | ||
| 245 | 1 | 0 | |a Algunos temas sobre el lenguaje básico de la matemática |
| 300 | |a 135 p | ||
| 942 | |c BK | ||
| 945 | |d 19961122 00:00:00 |a nastorga | ||
| 260 | |a Valparaíso |b Universidad Católica de Valparaíso |c 1996 | ||
| 650 | 0 | |a Matemática |9 260235 | |
| 650 | 0 | |a Ecuaciones |9 260137 | |
| 650 | 0 | |a Números reales |9 270334 | |
| 650 | 0 | |a Teoría de conjuntos |9 265668 | |
| 650 | 0 | |a Vectores |9 317184 | |
| 650 | 0 | |a Funciones (Matemáticas) |9 338128 | |
| 650 | 0 | |a Lenguaje |9 265069 | |
| 583 | |a last modification |c 19961122 00:00:00 |k Rodrigo Vera | ||
| 999 | |c 253945 |d 253943 | ||
| 952 | |0 0 |1 0 |4 0 |6 510_000000000000000_PRA_1996 |7 0 |8 A |9 275159 |a BIBMAT |b BIBMAT |d 2019-11-19 |i 3251772 |o 510 PRA 1996 |p 3251772 |r 2025-01-07 |w 2019-11-19 |y BK |k MAT | ||
| 952 | |0 0 |1 0 |4 0 |6 510_000000000000000_PRA_1996 |7 0 |8 A |9 275160 |a BIBMAT |b BIBMAT |d 2019-11-19 |i 3251780 |o 510 PRA 1996 |p 3251780 |r 2025-01-07 |w 2019-11-19 |y BK |k MAT | ||